Introduccin̤ a la Qum̕ica Forense

Detalles Bibliográficos
Autor principal: Garca̕ Ruiz, Carmen
Formato: eBook
Lenguaje:español
Publicado: Barcelona: J.M. Bosch Editor, 2020
Materias:
Acceso en línea:Acceso restringido

MARC

LEADER 00000nam a22000007a 4500
005 20220519231623.0
007 cr|||| ||||
008 220519s2020 es |||||s|||| 00||0 spa d
020 |a 9788412242997 
035 |a 35767 
040 |a vLex 
090 |c 13376  |d 13376 
100 1 |a Garca̕ Ruiz, Carmen 
245 1 0 |a Introduccin̤ a la Qum̕ica Forense  |h [Recurso electrn̤ico] /  |c Carmen Garca̕ Ruiz 
256 |a Servicio en ln̕ea 
260 |a Barcelona:  |b J.M. Bosch Editor,  |c 2020 
300 |a 1 recurso electrn̤ico 
500 |a La Qum̕ica Forense, como la ciencia en general, se basa en el mťodo cientf̕ico, cuya piedra angular es la observacin̤ y la conjetura de hipt̤esis. Este texto comienza con la definicin̤ de conceptos bs̀icos para luego aportar conocimientos sobre las etapas pre-analt̕icas, analt̕icas y de interpretacin̤ de la informacin̤ obtenida. Tras estos temas iniciales, se tratan las sustancias controladas y la toxicologa̕ forense como muestras fs̕icas o biolg̤icas. Mientras que la determinacin̤ de sustancias psicoactivas y sus metabolitos se realiza mediante anl̀isis cualitativos y cuantitativos, el examen de restos de explosivos o incendios, de trazas materiales (fibras, pinturas, vidrios, suelos) y documentos requiere, predominantemente, la obtencin̤ de informacin̤ cualitativa y comparativa. Por ello, despuš se abordan los temas de incendios, explosivos y residuos de disparo, temt̀icas interrelacionadas conceptualmente. El tema de incendios cuenta con la valiosa participacin̤ de la empresa IST – Investigation Service Technologies que ha aportado ml︢tiples fotografa̕s de once casos reales y su interpretacin̤. Seguidamente se describen ciertos aspectos qum̕ico-forenses para el examen de trazas materiales como las fibras, las pinturas, los vidrios y los suelos y, finalmente, el anl̀isis de tintas y papel en documentos cuestionados. En el l︢timo tema se reflexiona sobre la transdisciplinaridad implc̕ita en la Qum̕ica Forense y describe dos temt̀icas actuales donde es necesario ir ms̀ all ̀del examen, anl̀isis e interpretacin̤ de los resultados analt̕icos. Estas temt̀icas transdisciplinares persiguen un desarrollo sostenible aumentando la paz y seguridad ciudadana 
506 1 |a Disponible solo en los productos indicados  |d vLex Global  |d vLex Global (Academic Edition, excluding Law Schools)  |d vLex Global (U.S. Academic Edition, Law Schools)  |d vLex Global (U.S. Academic Edition, excluding Law Schools)  |d vLex Global (Academic Edition, Law Schools) 
650 0 4 |a Medicina  |z Espaą 
740 0 |a vLex Libros (Servicio en ln̕ea) 
856 4 0 |u https://app.vlex.com/#/sources/35767  |z Acceso restringido 
942 |c BOOK 
999 0 |a Medicine